CAD trong kiến trúc - xây dựng : Giáo trình thực hành Revit Architecture 2009 & Revit Mep 2009 /

Tallennettuna:
Bibliografiset tiedot
Päätekijä: Không rõ
Aineistotyyppi: Kirja
Kieli:Vietnamese
Julkaistu: GTVT 2009
Tagit: Lisää tagi
Ei tageja, Lisää ensimmäinen tagi!
Thư viện lưu trữ: Mạng thư viện Đại học Đà Nẵng
LEADER 00694nam a2200265 4500
001 000027103
003 CAD
005 20150403120000.0
008 150403s vm 000 vie
020 |c 0,0000 
040 |a notts 
100 |a Không rõ 
245 |a CAD trong kiến trúc - xây dựng : Giáo trình thực hành Revit Architecture 2009 & Revit Mep 2009 /  |c Phùng Thị Nguyệt biên soạn. 
260 |b GTVT  |c 2009 
OWN |a LTT 
999 |a From the UDN01 
TYP |a Monograph 
TYP |a Printed language 
980 |a Mạng thư viện Đại học Đà Nẵng